[Event "Xeraco Region-ch Preferente"]
[Site "Xeraco"]
[Date "2015.10.24"]
[Round "3.6"]
[White "Cortell Canet, Miguel"]
[Black "Bonell Selles, Juan"]
[Result "1/2-1/2"]
[WhiteElo "1807"]
[BlackElo "1770"]
[PlyCount "58"]
[EventDate "2015.10.03"]
[EventType "swiss"]
[EventRounds "7"]
[EventCountry "ESP"]
[SourceTitle "EXT 2024"]
[Source "ChessBase"]
[SourceDate "2023.10.10"]
[SourceVersion "1"]
[SourceVersionDate "2023.10.10"]
[SourceQuality "1"]

1. e4 c5 2. Nf3 e6 3. d4 cxd4 4. Nxd4 a6 5. c4 Nf6 6. Nc3 d6 7. Be2 Nc6 8. Nxc6 bxc6 9. e5 Ng8 10. Qa4 Bd7 11. exd6 Bxd6 12. Ne4 Be7 13. c5 Qc7 14. Be3 Nf6 15. 0-0 Nxe4 16. Qxe4 Bf6 17. Bf4 e5 18. Bd3 Be6 19. Bg3 g6 20. Qe2 0-0 21. Bxa6 Qa5 22. Bc4 Bxc4 23. Qxc4 Rfd8 24. a3 Rd4 25. Qc1 Rad8 26. b4 Qa4 27. Qe3 Rd3 28. Qe4 R8d4 29. Qe2 Rd5 1/2-1/2

[Event "Xeraco Region-ch Preferente"]
[Site "Xeraco"]
[Date "2015.10.17"]
[Round "2.1"]
[White "Bonell Selles, Juan"]
[Black "Canamas Soler, Jose Vicente"]
[Result "0-1"]
[WhiteElo "1770"]
[BlackElo "1931"]
[PlyCount "134"]
[EventDate "2015.10.03"]
[EventType "swiss"]
[EventRounds "7"]
[EventCountry "ESP"]
[SourceTitle "EXT 2024"]
[Source "ChessBase"]
[SourceDate "2023.10.10"]
[SourceVersion "1"]
[SourceVersionDate "2023.10.10"]
[SourceQuality "1"]

1. d4 Nf6 2. c4 e6 3. Nc3 d5 4. e3 c6 5. cxd5 exd5 6. Nf3 Nbd7 7. Bd3 Bd6 8. 0-0 0-0 9. e4 dxe4 10. Nxe4 Nxe4 11. Bxe4 Nf6 12. Bc2 h6 13. Bd2 Re8 14. Bc3 Be6 15. Re1 Bd5 16. Rxe8+ Qxe8 17. Ne5 Qe6 18. f3 c5 19. Ng4 Nxg4 20. fxg4 Qe3+ 21. Kh1 Qf4 22. Qg1 Qxg4 23. Re1 h5 24. Qf2 h4 25. Bf5 Qg5 26. Bd2 Qf6 27. dxc5 Bxc5 28. Bh7+ Kxh7 29. Qxc5 Rd8 30. Qc2+ Qg6 31. Qxg6+ Kxg6 32. h3 Bxg2+ 33. Kxg2 Rxd2+ 34. Kf3 Rxb2 35. Re7 a6 36. a4 b5 37. axb5 Rxb5 38. Re4 Rb3+ 39. Kg2 a5 40. Rg4+ Kf6 41. Ra4 Rb5 42. Rxh4 Rb4 43. Rh8 a4 44. Ra8 Kf5 45. Ra5+ Kg6 46. Kg3 Rb3+ 47. Kg4 f5+ 48. Kf4 Rb4+ 49. Kf3 Kg5 50. Ra7 g6 51. Ra6 Rb3+ 52. Kg2 a3 53. h4+ Kh5 54. Ra4 Rb2+ 55. Kg3 a2 56. Kf3 Rb3+ 57. Kg2 f4 58. Rxa2 Kxh4 59. Ra4 g5 60. Kf2 Kg4 61. Ra2 Rh3 62. Ra4 Rh2+ 63. Kg1 Rb2 64. Kf1 Kg3 65. Ra3+ f3 66. Ke1 g4 67. Rd3 Kg2 0-1

[Event "Provincial-ch Xeraco Preferente"]
[Site "Xeraco"]
[Date "2014.10.18"]
[Round "3.10"]
[White "Soler Nadal, Jose Antonio"]
[Black "Bonell Selles, Juan"]
[Result "0-1"]
[WhiteElo "1824"]
[BlackElo "1774"]
[PlyCount "61"]
[EventDate "2014.09.27"]
[EventType "swiss"]
[EventRounds "7"]
[EventCountry "ESP"]
[SourceTitle "EXT 2024"]
[Source "ChessBase"]
[SourceDate "2023.10.10"]
[SourceVersion "1"]
[SourceVersionDate "2023.10.10"]
[SourceQuality "1"]

1. Nf3 e6 2. e4 c5 3. d4 cxd4 4. Nxd4 a6 5. Nc3 Qc7 6. Be3 Nf6 7. Be2 b5 8. Qd2 Bb4 9. f3 Bb7 10. 0-0-0 Nc6 11. g4 0-0 12. g5 Ne8 13. h4 Rc8 14. Nxc6 Bxc6 15. Qd4 Bxc3 16. Qxc3 Qb7 17. Qa5 Nc7 18. h5 d5 19. e5 d4 20. Bxd4 Bxf3 21. Bxf3 Qxf3 22. g6 Nd5 23. gxh7+ Kxh7 24. Kb1 Rc4 25. Qd2 Rfc8 26. h6 g6 27. Rdf1 Qe4 28. Rxf7+ Kh8 29. Rd1 Rxd4 30. Rf8+ Rxf8 31. Qxd4 0-1

[Event "Provincial-ch Gandia Preferente"]
[Site "Gandia"]
[Date "2013.10.05"]
[Round "1"]
[White "De la Calle Llopis, Juan"]
[Black "Bonell Selles, Juan"]
[Result "1-0"]
[WhiteElo "1997"]
[BlackElo "1783"]
[PlyCount "73"]
[EventDate "2013.10.05"]
[EventType "swiss"]
[EventRounds "7"]
[EventCountry "ESP"]
[SourceTitle "EXT 2024"]
[Source "ChessBase"]
[SourceDate "2023.10.10"]
[SourceVersion "1"]
[SourceVersionDate "2023.10.10"]
[SourceQuality "1"]

1. Nf3 Nf6 2. c4 e6 3. Nc3 d5 4. d4 Be7 5. Bg5 Nbd7 6. e3 h6 7. Bh4 c6 8. Bd3 0-0 9. 0-0 b6 10. Rc1 Bb7 11. cxd5 exd5 12. Qe2 b5 13. Rfd1 Re8 14. Bg3 a6 15. Qc2 Rc8 16. Bf5 Qb6 17. Ne5 Rcd8 18. Ne2 Nxe5 19. Bxe5 Bc8 20. Ng3 Bb7 21. Qe2 c5 22. Bxf6 Qxf6 23. dxc5 d4 24. Rxd4 Bf8 25. Qd2 g6 26. Bd7 Rxd7 27. Rxd7 Qc6 28. e4 Bc8 29. Rd8 Be6 30. Rxe8 Qxe8 31. c6 h5 32. c7 h4 33. Qd8 Qe7 34. Qxe7 Bxe7 35. c8Q+ Bxc8 36. Rxc8+ Kg7 37. Nf1 1-0

[Event "Provincial-ch Gandi Preferente"]
[Site "Gandi"]
[Date "2012.10.06"]
[Round "1"]
[White "Albert Garrote, Amadeo"]
[Black "Bonell Selles, Juan"]
[Result "1-0"]
[WhiteElo "1900"]
[BlackElo "1779"]
[PlyCount "73"]
[EventDate "2012.10.06"]
[EventType "swiss"]
[EventRounds "7"]
[EventCountry "ESP"]
[SourceTitle "EXT 2024"]
[Source "ChessBase"]
[SourceDate "2023.10.10"]
[SourceVersion "1"]
[SourceVersionDate "2023.10.10"]
[SourceQuality "1"]

1. d4 Nf6 2. c3 b6 3. Qc2 Bb7 4. f3 e6 5. Bg5 Be7 6. Nd2 0-0 7. e4 c5 8. Bd3 cxd4 9. cxd4 Nc6 10. Ne2 Nb4 11. Qb3 Nxd3+ 12. Qxd3 a5 13. 0-0 Ba6 14. Qe3 d6 15. Rfd1 Rc8 16. Rac1 Qd7 17. Nc3 Rc7 18. d5 Rb8 19. Nb3 e5 20. Ne2 a4 21. Na1 Rbc8 22. Ng3 Rxc1 23. Rxc1 Rxc1+ 24. Qxc1 Qb5 25. Nf5 Bf8 26. Nh6+ gxh6 27. Bxf6 a3 28. b3 Qd3 29. Nc2 Bg7 30. Be7 Bf8 31. Bxf8 Kxf8 32. Nxa3 Qe2 33. Nc2 Qd3 34. h3 Kg7 35. Ne3 Qd4 36. Kh2 Kf8 37. Nf5 1-0